I am happy when I share / (Record no. 5435)

MARC details
000 -LEADER
fixed length control field 00863nam a22002297a 4500
001 - CONTROL NUMBER
control field 5435
003 - CONTROL NUMBER IDENTIFIER
control field FISKH
005 - DATE AND TIME OF LATEST TRANSACTION
control field 20241206150734.0
008 - FIXED-LENGTH DATA ELEMENTS--GENERAL INFORMATION
fixed length control field 241206b cb ||||| |||| 00| 0 eng d
020 ## - INTERNATIONAL STANDARD BOOK NUMBER
International Standard Book Number 9787552547443
040 ## - CATALOGING SOURCE
Original cataloging agency FISKH
Language of cataloging Chi
Transcribing agency FISKH
Modifying agency FISKH
050 ## - LIBRARY OF CONGRESS CALL NUMBER
Classification number PZ7
082 ## - DEWEY DECIMAL CLASSIFICATION NUMBER
Classification number 740
100 ## - MAIN ENTRY--PERSONAL NAME
Personal name Anonymous
245 ## - TITLE STATEMENT
Title I am happy when I share /
260 ## - PUBLICATION, DISTRIBUTION, ETC.
Name of publisher, distributor, etc. Yang Guang Chuban She
Date of publication, distribution, etc. 2019.
300 ## - PHYSICAL DESCRIPTION
Extent 31 pages :
Other physical details color illustrations ;
Dimensions 23 cm
520 ## - SUMMARY, ETC.
Summary, etc. Gaogao the giraffe comes out to see the rainbow took out home and said it belongs to him. While his friends also want to see but they can't . While playing with the rainbow alone at home, he miss his friends. Therefore, he decided to give his friends a present with rainbow. They love it and thank Gaogao.
650 ## - SUBJECT ADDED ENTRY--TOPICAL TERM
Topical term or geographic name entry element Fairy Tale
Form subdivision Animals
942 ## - ADDED ENTRY ELEMENTS (KOHA)
Source of classification or shelving scheme Dewey Decimal Classification
Koha item type Chinese Book
Suppress in OPAC No
Holdings
Withdrawn status Lost status Source of classification or shelving scheme Damaged status Not for loan Collection Home library Current library Shelving location Date acquired Total Checkouts Full call number Barcode Date last seen Price effective from Koha item type
    Dewey Decimal Classification     Juvenile Fiction Footprints International School Library Network Toul Kork Campus Footprints International School Library Network Toul Kork Campus Chinese TK Campus Book Shelve 12/06/2024   ANO 740 PZ7 2024-2414 12/06/2024 12/06/2024 Chinese Book